Art, design and visual culture : an introduction

Αποθηκεύτηκε σε:
Λεπτομέρειες βιβλιογραφικής εγγραφής
Κύριος συγγραφέας: Barnard, Malcolm, 1958-
Μορφή: Βιβλίο
Γλώσσα:English
Δημοσίευση: New York : St. Martin's Press, c1998.
Θέματα:
Ετικέτες: Προσθήκη ετικέτας
Δεν υπάρχουν, Καταχωρήστε ετικέτα πρώτοι!

MARC

LEADER 00000cam a2200000 i 4500
001 1/14631
008 001211s1998 nyu| ||| |||| ||eng||
020 |a 0333675266   |q (χαρτόδετο) 
035 |l 10065075 
040 |a GR-MyUa  |b gre  |e AACR2 
041 0 |a eng 
082 7 |a 701   |2 (22) 
100 1 |a Barnard, Malcolm,   |d 1958- 
245 1 0 |a Art, design and visual culture :   |b an introduction /   |c Malcolm Barnard.  
260 |a New York :   |b St. Martin's Press,   |c c1998.  
300 |a xii, 214 σ. :   |b εικ. ;   |c 22 εκ. 
504 |a Βιβλιογραφία: σ. 201-207. Ευρετήριο. 
650 0 |a Artists  |x Psychology. 
650 0 |a Creation (Literary, artistic, etc.) 
650 0 |a Visual communication. 
650 0 |a Art and society. 
650 0 |a Art patronage. 
852 |a INST  |b SYROS  |e 20001211  |h 701 BAR  |p 005500001912  |q 005500001912  |t BK  |y 0 
901 |a BIBL5-2000-3 
922 |a 5ΕΛΗ  |b 200012  |c Γραφικών Τεχνών  |d Leader Books 
970 |a Κοντού  |b Παρασκευή  |z 11/12/2000